Minimalist Block Characters Quiz Stats

Quiz Updated Mar 28, 2016

Challenge
Share
Tweet
Score 0/12 Timer 04:00
5 Plays Today
Image Character % Correct
Santa Claus
94.1%
Donald Duck
81.8%
Mario
78.4%
The Hulk
77%
Piglet
74.8%
Robin
74.1%
Barney Rubble
71.3%
Wonder Woman
66.2%
Tony the Tiger
60.1%
R2-D2
36%
Norville 'Shaggy' Rogers
23.3%
Elmo
16.8%

You're not logged in!

Compare scores with friends on all Sporcle quizzes.
Sign Up with Email
OR
Log In

You Might Also Like...

Show Comments

Extras

Top Quizzes Today


Score Distribution

Your Account Isn't Verified!

In order to create a playlist on Sporcle, you need to verify the email address you used during registration. Go to your Sporcle Settings to finish the process.